Современные технологии производства компонентов моторных топлив: учебник для вузов

Detalles Bibliográficos
Otros Autores: Солодова Н. Л. Наталия Львовна, Башкирцева Н. Ю. Наталья Юрьевна, Абдуллин А. Н. Аяз Илнурович, Теляшев Р. Г. Раушан Гумерович, Обрывалина А. Н. Анна Николаевна
Sumario:Авт. указ. на обороте тит. л.
Изложены основные проблемы, стоящие перед нефтеперерабатывающей отраслью России, связанные с повышением глубины переработки нефти и получением экологически чистых и качественных компонентов моторных топлив. Большое внимание уделено перспективным направлениям развития отдельных процессов нефтепереработки: каталитического крекинга, гидрокрекинга, термического крекинга, висбрекинга, коксования газификации нефтяных остатков и их роли в повышении глубины переработки нефти. Рассмотрены перспективные процессы химической переработки нефтезаводских и природных газов с целью получения качественных компонентов моторных топлив.
Lenguaje:ruso
Publicado: Старый Оскол, ТНТ, 2018
Materias:
Formato: Libro
KOHA link:https://koha.lib.tpu.ru/cgi-bin/koha/opac-detail.pl?biblionumber=340368

MARC

LEADER 00000nam0a2200000 4500
001 340368
005 20231102005231.0
010 |a 9785941785919 
035 |a (RuTPU)RU\TPU\book\367175 
090 |a 340368 
100 |a 20180319d2018 m y0rusy50 ca 
101 0 |a rus 
102 |a RU 
105 |a a j 001zy 
200 1 |a Современные технологии производства компонентов моторных топлив  |e учебник для вузов  |f Н. Л. Солодова [и др.] 
210 |a Старый Оскол  |c ТНТ  |d 2018 
215 |a 324 с.  |c ил. 
300 |a Авт. указ. на обороте тит. л. 
320 |a Библиогр.: с. 318-323 
330 |a Изложены основные проблемы, стоящие перед нефтеперерабатывающей отраслью России, связанные с повышением глубины переработки нефти и получением экологически чистых и качественных компонентов моторных топлив. Большое внимание уделено перспективным направлениям развития отдельных процессов нефтепереработки: каталитического крекинга, гидрокрекинга, термического крекинга, висбрекинга, коксования газификации нефтяных остатков и их роли в повышении глубины переработки нефти. Рассмотрены перспективные процессы химической переработки нефтезаводских и природных газов с целью получения качественных компонентов моторных топлив. 
606 1 |a Моторное топливо  |x Производство  |2 stltpush  |3 (RuTPU)RU\TPU\subj\34332  |9 56305 
610 1 |a нефтяное остаточное сырье 
610 1 |a переработка 
610 1 |a нефтяные остатки 
610 1 |a тяжелое углеводородное сырье 
610 1 |a термические процессы 
610 1 |a каталитический крекинг 
610 1 |a гидрогенизационные процессы 
610 1 |a комбинированные процессы 
610 1 |a нефтезаводские газы 
610 1 |a природные газы 
610 1 |a каталитическая изомеризация 
610 1 |a алкилирование 
610 1 |a бензины 
610 1 |a высокооктановые кислородосодержащие компоненты 
610 1 |a получение 
610 1 |a легкие углеводороды 
610 1 |a жидкое топливо 
610 1 |a учебники 
675 |a 665.75(075.8)  |v 4 
701 1 |a Солодова  |b Н. Л.  |g Наталия Львовна 
701 1 |a Башкирцева  |b Н. Ю.  |g Наталья Юрьевна 
701 1 |a Абдуллин  |b А. Н.  |g Аяз Илнурович 
701 1 |a Теляшев  |b Р. Г.  |g Раушан Гумерович 
701 1 |a Обрывалина  |b А. Н.  |g Анна Николаевна 
801 1 |a RU  |b 63413507  |c 20180319 
801 2 |a RU  |b 63413507  |c 20190924  |g RCR 
942 |c BK 
959 |a 3/20180221  |d 1  |e 954,00  |f ЧЗТЛ:1